| 000 | 01225nam a22003017a 4500 | ||
|---|---|---|---|
| 001 | 44868 | ||
| 003 | BD-RjUL | ||
| 005 | 20211209053929.0 | ||
| 008 | 160720s1964 pk ||||| |||| 00| 0 ben d | ||
| 020 | _c: PRs. 14.00 | ||
| 035 | _a(BD-RjUL)44986 | ||
| 040 |
_aBD-RjUL _bben _cBD-RjUL |
||
| 041 | _aben | ||
| 082 |
_223 _a891.441029763 _bSAT V-(6-10) 1964 |
||
| 100 | 1 |
_aছায়ীদ, মোহাম্মদ _9137486 |
|
| 245 | 1 | 0 |
_aতাওয়ারিখে মোহাম্মদী / _cমোহাম্মদ ছায়ীদ |
| 250 | _a৩য় সং. | ||
| 260 |
_aঢাকা : _bনিউ গ্রীন লাইব্রেরী, _c১৯৬৪ |
||
| 300 |
_a খণ্ড ; _c২৪ সেমি. |
||
| 505 | 0 | _aখণ্ড(৬ষ্ঠ-১০ম) -- | |
| 600 |
_aহযরত মুহাম্মদ (সঃ), _d৫৭০-৬৩২ _xজীবনী _9238721 |
||
| 600 |
_aHazarat Muhammad (sm:), _d570-632 _xBiography _9238722 |
||
| 650 |
_aবাংলা কবিতা _9238718 |
||
| 650 |
_aBengali Poetry _9238719 |
||
| 650 |
_aবাংল পুঁথি-সাহিত্য _9146860 |
||
| 650 |
_aBengali Booklet-Literature _9238720 |
||
| 942 |
_2ddc _cBK |
||
| 999 |
_c44868 _d44868 |
||